000 00236 a2200085 4500
020 _a9783836560498
100 _a Bruce Brooks Pfeiffer
245 _aFrank Lloyd Wright: 1867-1959: Building for Democracy
260 _bTaschen America Llc
_c2015
999 _c13387
_d13387